[Event "Junior Online 4NCL Division 1"]
[Site "online"]
[Date "2021.04.01"]
[EventDate "2021.04.01"]
[Round "6.26"]
[White "Chung, Ethan Cheung Jing"]
[WhiteElo "1854"]
[WhiteTeam "St John's College A"]
[Black "Dupuis, Denis K"]
[BlackElo "1792"]
[BlackTeam "The Numerators"]
[Result "0-1"]
[PlyCount "156"]

1. e4 e5 2. Nf3 Nc6 3. Bc4 Nf6 4. Nc3 Nxe4 5. Nxe4 d5 6. Bxd5 Qxd5 7. Nc3 Qd8 8. Qe2 f6 9. O-O Bc5 10. Na4 Bb6 11. Nxb6 axb6 12. c3 O-O 13. Qc4+ Kh8 14. d4 exd4 15. Nxd4 Nxd4 16. Qxd4 Qxd4 17. cxd4 Bf5 18. Bf4 c6 19. a3 Rfe8 20. Rfe1 Kg8 21. f3 Kf7 22. Kf2 b5 23. Rac1 Re6 24. Rxe6 Bxe6 25. Re1 Rd8 26. Ke3 Rd5 27. b4 Rd8 28. Kd3 Ra8 29. Bc1 h5 30. h3 g5 31. f4 g4 32. h4 Bd5 33. g3 Rd8 34. Kc3 Re8 35. Rxe8 Kxe8 36. Be3 Ke7 37. Kd3 Ke6 38. Kc3 Kf5 39. Kd3 Bc4+ 40. Kd2 Ke4 41. Bf2 Kf3 42. Be1 Kg2 43. Ke3 Kf1 44. Bd2 Bd5 45. Bc3 f5 46. Bd2 Kg2 47. Be1 Be4 48. Ke2 Bf3+ 49. Ke3 Bd5 50. Ke2 Be6 51. Ke3 Bc4 52. Kd2 Kf3 53. Kc3 Ke3 54. a4 Ke2 55. axb5 Kxe1 56. Kxc4 Kf2 57. bxc6 bxc6 58. d5 cxd5+ 59. Kxd5 Kxg3 60. b5 Kxh4 61. b6 g3 62. b7 g2 63. b8=Q g1=Q 64. Qd8+ Kh3 65. Ke5 Qc5+ 66. Kf6 h4 67. Qd3+ Kg4 68. Qd2 Qc6+ 69. Kg7 Qf3 70. Kf6 Qxf4 71. Qe2+ Qf3 72. Qc4+ f4 73. Qe6+ Kg3 74. Kg5 h3 75. Qe1+ Qf2 76. Qc3+ f3 77. Qe5+ Kg2 78. Kg4 h2 {[W: 0:02:05; B: 0:00:13]} 0-1

[Event "Junior Online 4NCL Division 1"]
[Site "online"]
[Date "2021.04.01"]
[EventDate "2021.04.01"]
[Round "6.27"]
[White "Agrawal, Shivam"]
[WhiteElo "1735"]
[WhiteTeam "The Numerators"]
[Black "Choudhury, Anish"]
[BlackElo "1458"]
[BlackTeam "St John's College A"]
[Result "1-0"]
[PlyCount "94"]

1. d4 d5 2. Nf3 c5 3. dxc5 Nc6 4. b3 e5 5. Bb2 e4 6. Nd4 Bxc5 7. e3 Nxd4 8. Bxd4 Bxd4 9. Qxd4 Qf6 10. Bb5+ Kf8 11. Qxd5 Be6 12. Qd6+ Ne7 13. Qd4 Qxd4 14. exd4 Rd8 15. c3 a6 16. Be2 f5 17. O-O Nd5 18. g3 Rc8 19. c4 Nb4 20. Nc3 Nc2 21. Rad1 e3 22. d5 Bd7 23. Bd3 exf2+ 24. Rxf2 Ne3 25. Re1 Ng4 26. Rxf5+ Bxf5 27. Bxf5 Nxh2 28. Bxc8 Nf3+ 29. Kf2 Nxe1 30. Kxe1 b5 31. d6 b4 32. d7 Ke7 33. Nd5+ Kd6 34. Nxb4 a5 35. Nd5 Rd8 36. a3 h5 37. b4 axb4 38. axb4 g5 39. b5 h4 40. gxh4 gxh4 41. Kf2 Kc5 42. b6 Rf8+ 43. Kg2 Kc6 44. b7 Rg8+ 45. Kh3 Rg3+ 46. Kxh4 Rb3 47. d8=Q Rxb7 {[W: 0:04:47; B: 0:01:52]} 1-0

[Event "Junior Online 4NCL Division 1"]
[Site "online"]
[Date "2021.04.01"]
[EventDate "2021.04.01"]
[Round "6.28"]
[White "Swamy, Anshul"]
[WhiteElo "1452"]
[WhiteTeam "St John's College A"]
[Black "Vaidya, Raghav"]
[BlackElo "1726"]
[BlackTeam "The Numerators"]
[Result "1-0"]
[PlyCount "77"]

1. e4 c5 2. d4 cxd4 3. c3 Nf6 4. e5 Nd5 5. cxd4 d6 6. Nf3 Nc6 7. Qb3 dxe5 8. Bc4 e6 9. dxe5 Bb4+ 10. Bd2 Bxd2+ 11. Nbxd2 Nb6 12. O-O O-O 13. Rad1 Qe7 14. Qa3 Qxa3 15. bxa3 Na5 16. Be2 Nd5 17. Nb3 Nxb3 18. axb3 Bd7 19. Bc4 Bc6 20. Nd4 Rfd8 21. Nxc6 bxc6 22. Bxd5 cxd5 23. h3 Rab8 24. Rd3 Rdc8 25. Re1 Rc2 26. Ree3 a5 27. Rd4 Rb2 28. Ra4 Rb1+ 29. Kh2 f6 30. exf6 gxf6 31. Rxe6 R8xb3 32. Rxa5 Kg7 33. Rxd5 Rxa3 34. Rd7+ Kg6 35. Rdd6 Raa1 36. Rxf6+ Kg5 37. f4+ Kh5 38. Rf5+ Kh4 39. g3# {[W: 0:00:31; B: 0:00:44]} 1-0

[Event "Junior Online 4NCL Division 1"]
[Site "online"]
[Date "2021.04.01"]
[EventDate "2021.04.01"]
[Round "6.31"]
[White "Kukreja, Karan"]
[WhiteElo "1709"]
[WhiteTeam "Warwickshire Bears A"]
[Black "Munshi, Aryan"]
[BlackElo "1403"]
[BlackTeam "Phones Junior A"]
[Result "1-0"]
[PlyCount "127"]

1. d4 Nf6 2. Bf4 g6 3. e3 Bg7 4. Nf3 d6 5. c4 Nbd7 6. Nc3 O-O 7. Be2 Re8 8. O-O c6 9. Rc1 Qc7 10. c5 e5 11. cxd6 Qxd6 12. dxe5 Qxd1 13. Rfxd1 Ng4 14. Ne4 Ndxe5 15. b3 Nxf3+ 16. Bxf3 Be6 17. h3 Ne5 18. Bxe5 Bxe5 19. Nc5 Rab8 20. Nxb7 Rxb7 21. Bxc6 Rbe7 22. Bxe8 Rxe8 23. Rc5 Bb8 24. Rc2 Kg7 25. Rcd2 Be5 26. f4 Bc7 27. Rc2 Bb6 28. Kf2 Bf5 29. Re2 Rc8 30. g4 Be6 31. Kg3 Rc3 32. Kf2 Bc8 33. Rdd2 Ba6 34. Re1 h6 35. Kf3 Bb7+ 36. Kf2 Be4 37. h4 Bc5 38. g5 h5 39. b4 Bxb4 40. Rd4 Rc2+ 41. Re2 Rxe2+ 42. Kxe2 Bb1 43. Rxb4 Bxa2 44. Ra4 Bd5 45. Rxa7 Be6 46. Kf3 Bb3 47. e4 Bd1+ 48. Ke3 Bg4 49. Kd4 Bh3 50. Ke5 Be6 51. f5 gxf5 52. exf5 Bc4 53. Kf4 Bd5 54. g6 Kf6 55. gxf7 Bxf7 56. Ra6+ Kg7 57. Kg5 Be8 58. f6+ Kh7 59. Ra7+ Kh8 60. Ra8 Kg8 61. Rxe8+ Kf7 62. Re7+ Kf8 63. Kg6 Kg8 64. Re8# {[W: 0:01:52; B: 0:01:26]} 1-0

[Event "Junior Online 4NCL Division 1"]
[Site "online"]
[Date "2021.04.01"]
[EventDate "2021.04.01"]
[Round "6.32"]
[White "Vadalia, Jainill"]
[WhiteElo "1140"]
[WhiteTeam "Phones Junior A"]
[Black "Wong, Tristan"]
[BlackElo "1689"]
[BlackTeam "Warwickshire Bears A"]
[Result "1-0"]
[PlyCount "59"]

1. d4 Nf6 2. c4 d6 3. Nc3 Nc6 4. e4 g6 5. d5 Nb8 6. Nf3 Bg7 7. Bd3 O-O 8. O-O c6 9. Be3 Nbd7 10. Qd2 Ng4 11. Bf4 Nde5 12. Nxe5 Nxe5 13. Bxe5 Bxe5 14. f4 Bd4+ 15. Kh1 Bg7 16. Rae1 e5 17. Ne2 cxd5 18. cxd5 Qb6 19. b3 Bd7 20. fxe5 Bxe5 21. Rc1 Rac8 22. Bc4 f5 23. Nf4 Bxf4 24. Rxf4 fxe4 25. Rxe4 Rf2 26. Qh6 Rcf8 27. Re7 R8f7 28. Rce1 Qd4 29. Rxd7 Qg7 30. Re8+ {[W: 0:01:02; B: 0:00:26]} 1-0

[Event "Junior Online 4NCL Division 1"]
[Site "online"]
[Date "2021.04.01"]
[EventDate "2021.04.01"]
[Round "6.33"]
[White "Monga, Kanav"]
[WhiteElo "1670"]
[WhiteTeam "Warwickshire Bears A"]
[Black "Suyal, Nivedita"]
[BlackElo "1072"]
[BlackTeam "Phones Junior A"]
[Result "1-0"]
[PlyCount "55"]

1. d4 d5 2. Nc3 Nf6 3. f3 Nc6 4. Bg5 e6 5. e4 dxe4 6. fxe4 Be7 7. Bb5 Bd7 8. Nf3 h6 9. Bh4 a6 10. Bxc6 Bxc6 11. Bxf6 Bxf6 12. Qd2 Qd7 13. O-O-O O-O-O 14. Kb1 Rhe8 15. Rhe1 g5 16. h3 Bg7 17. Qf2 Rf8 18. d5 exd5 19. exd5 Bb5 20. Qa7 Qd6 21. Nxb5 axb5 22. Re3 Rde8 23. Rb3 Re7 24. Rxb5 Qa6 25. Qc5 Rfe8 26. Ra5 Qd6 27. Qb5 Qb6 28. Ra8# {[W: 0:04:21; B: 0:00:10]} 1-0

[Event "Junior Online 4NCL Division 1"]
[Site "online"]
[Date "2021.04.01"]
[EventDate "2021.04.01"]
[Round "6.34"]
[White "Lukhi, Neev"]
[WhiteElo "1003"]
[WhiteTeam "Phones Junior A"]
[Black "Fellowes, Billy"]
[BlackElo "1598"]
[BlackTeam "Warwickshire Bears A"]
[Result "0-1"]
[PlyCount "116"]

1. d4 e5 2. dxe5 Nc6 3. Nf3 Qe7 4. Bf4 Qb4+ 5. Bd2 Qxb2 6. Nc3 Nb4 7. Nd4 c5 8. Rb1 Qa3 9. Ndb5 Qa5 10. Nd5 Qxa2 11. Nxb4 cxb4 12. Nc7+ Kd8 13. Nxa8 a5 14. Nb6 Bc5 15. Nxc8 Kxc8 16. Ra1 Qd5 17. Rxa5 Bxf2+ 18. Kxf2 Qxa5 19. Qb1 Qxe5 20. Qxb4 Qf5+ 21. Bf4 Nf6 22. Qc4+ Kd8 23. Qc7+ Ke7 24. Qe5+ Qxe5 25. Bxe5 Ng4+ 26. Kg3 Nxe5 27. e4 Rc8 28. Bd3 Nxd3 29. cxd3 Rc3 30. Rd1 b5 31. Kf3 Rb3 32. Ke3 Rb2 33. Rd2 Rxd2 34. Kxd2 Kd6 35. Kc3 Ke5 36. Kb4 Kd4 37. Kxb5 Kxd3 38. Kc5 Kxe4 39. Kd6 Ke3 40. Kxd7 Kf2 41. Ke7 f5 42. Ke6 f4 43. Ke5 Kxg2 44. Kxf4 Kxh2 45. Kg4 Kg2 46. Kh4 Kf3 47. Kg5 h6+ 48. Kg6 Kf4 49. Kh5 g5 50. Kxh6 g4 51. Kg7 g3 52. Kh8 g2 53. Kh7 g1=Q 54. Kh8 Kf5 55. Kh7 Qg6+ 56. Kh8 Qg5 57. Kh7 Kf6 58. Kh8 Qg7# {[W: 0:02:25; B: 0:11:11]} 0-1

[Event "Junior Online 4NCL Division 1"]
[Site "online"]
[Date "2021.04.01"]
[EventDate "2021.04.01"]
[Round "6.35"]
[White "Munshi, Aryan"]
[WhiteElo "1403"]
[WhiteTeam "Phones Junior A"]
[Black "Kukreja, Karan"]
[BlackElo "1709"]
[BlackTeam "Warwickshire Bears A"]
[Result "1/2-1/2"]
[PlyCount "88"]

1. d4 d5 2. c4 c6 3. cxd5 cxd5 4. Nc3 Nf6 5. Bg5 Bf5 6. Nf3 e6 7. e3 Nbd7 8. Bd3 Bxd3 9. Qxd3 a6 10. O-O Be7 11. Rac1 h6 12. Bf4 O-O 13. Ne5 Rc8 14. Nxd7 Qxd7 15. Ne2 Ne4 16. Ng3 Nxg3 17. Bxg3 b5 18. Qd2 Rc4 19. b3 Rcc8 20. Rxc8 Rxc8 21. Rc1 Rc6 22. Rxc6 Qxc6 23. Kf1 g6 24. Ke2 h5 25. h3 Kf8 26. Kd3 Ke8 27. Qc3 Kd7 28. Qxc6+ Kxc6 29. f3 Kb6 30. e4 Ka5 31. Be1+ Kb6 32. Bg3 Kc6 33. Kc3 dxe4 34. fxe4 f5 35. Kd3 Bf6 36. Be1 fxe4+ 37. Kxe4 Kd6 38. Bg3+ Kd7 39. d5 Bc3 40. Be5 Bb4 41. Bg3 Bc3 42. Be5 Bb4 43. Bd4 Kd6 44. Be5+ Kd7 {[W: 0:07:01; B: 0:02:23]} 1/2-1/2

[Event "Junior Online 4NCL Division 1"]
[Site "online"]
[Date "2021.04.01"]
[EventDate "2021.04.01"]
[Round "6.36"]
[White "Wong, Tristan"]
[WhiteElo "1689"]
[WhiteTeam "Warwickshire Bears A"]
[Black "Vadalia, Jainill"]
[BlackElo "1140"]
[BlackTeam "Phones Junior A"]
[Result "1-0"]
[PlyCount "121"]

1. d4 Nf6 2. Bf4 e6 3. Nc3 d5 4. Nb5 Bd6 5. Nxd6+ cxd6 6. e3 O-O 7. Bd3 Nc6 8. c3 h6 9. Bc2 e5 10. Bg3 Re8 11. Ne2 Bg4 12. f3 Be6 13. O-O e4 14. fxe4 dxe4 15. Nf4 d5 16. Nxe6 Rxe6 17. Bb3 Na5 18. c4 dxc4 19. Bc2 Qd5 20. Qd2 Nc6 21. b3 b5 22. Rab1 b4 23. bxc4 Qxc4 24. Bb3 Qb5 25. Bxe6 fxe6 26. Bd6 a5 27. Rb2 Nd5 28. Qe2 Qxe2 29. Rxe2 Nc3 30. Ref2 a4 31. Rf8+ Rxf8 32. Rxf8+ Kh7 33. Rc8 b3 34. axb3 axb3 35. Ba3 Nb5 36. Rxc6 Nxa3 37. Rb6 Nc2 38. Rxb3 Kg6 39. Kf2 Kf6 40. Ke2 g5 41. Kd2 Na1 42. Rb2 Kf5 43. Kc1 Kg4 44. Kb1 h5 45. Kxa1 h4 46. Rb5 Kh5 47. Re5 Kg4 48. Rxe6 Kf5 49. Re5+ Kf6 50. Kb2 g4 51. h3 g3 52. Kc3 Kg6 53. Kc4 Kf6 54. Kd5 Kg6 55. Ke6 Kg7 56. d5 Kg6 57. d6 Kg7 58. d7 Kg6 59. d8=Q Kh7 60. Rh5+ Kg6 61. Qg5# {[W: 0:01:44; B: 0:03:10]} 1-0

[Event "Junior Online 4NCL Division 1"]
[Site "online"]
[Date "2021.04.01"]
[EventDate "2021.04.01"]
[Round "6.37"]
[White "Suyal, Nivedita"]
[WhiteElo "1072"]
[WhiteTeam "Phones Junior A"]
[Black "Monga, Kanav"]
[BlackElo "1670"]
[BlackTeam "Warwickshire Bears A"]
[Result "1/2-1/2"]
[PlyCount "125"]

1. e4 c5 2. Nf3 d6 3. h3 Nf6 4. Nc3 a6 5. a3 g6 6. Bc4 b5 7. Ba2 Bg7 8. d3 Bb7 9. Bg5 O-O 10. Qd2 Nbd7 11. O-O Rc8 12. Rac1 Nb6 13. Rfe1 c4 14. dxc4 bxc4 15. Bh6 Re8 16. Bf4 d5 17. exd5 Bxd5 18. Nxd5 Nbxd5 19. Bg3 Qb6 20. c3 Red8 21. Qe2 Nh5 22. Bh2 Nhf4 23. Bxf4 Nxf4 24. Qe3 Qxe3 25. Rxe3 Bh6 26. Rb1 e6 27. Ree1 Nd3 28. Red1 Rd7 29. Nh2 Rb7 30. b4 Bf4 31. Bxc4 Bxh2+ 32. Kxh2 Rxc4 33. Rxd3 a5 34. Rb3 a4 35. Rb1 Rbc7 36. Rc1 Rf4 37. Kg1 Kg7 38. b5 Rb7 39. c4 Kf6 40. g3 Rf5 41. Kg2 Rc5 42. Rdc3 Ke7 43. f4 Kd6 44. Kf3 e5 45. fxe5+ Kxe5 46. Ke3 f5 47. Kf3 Kd4 48. Ke2 Rbc7 49. Rd3+ Ke5 50. Rdc3 f4 51. gxf4+ Kxf4 52. Kf2 h6 53. Kg2 g5 54. Kf2 h5 55. Kg2 Rd7 56. R1c2 Ke4 57. Kf2 Kd4 58. Ke2 Rf7 59. Rd3+ Ke4 60. Re3+ Kd4 61. Rd3+ Ke4 62. Re3+ Kd4 63. Rd3+ {[W: 0:00:41; B: 0:04:50]} 1/2-1/2

[Event "Junior Online 4NCL Division 1"]
[Site "online"]
[Date "2021.04.01"]
[EventDate "2021.04.01"]
[Round "6.38"]
[White "Fellowes, Billy"]
[WhiteElo "1598"]
[WhiteTeam "Warwickshire Bears A"]
[Black "Lukhi, Neev"]
[BlackElo "1003"]
[BlackTeam "Phones Junior A"]
[Result "1-0"]
[PlyCount "47"]

1. d4 Nf6 2. Bf4 d6 3. Nc3 Bf5 4. Nf3 Nc6 5. Nh4 Bg6 6. Nxg6 hxg6 7. e4 e5 8. Bg5 exd4 9. Nd5 Be7 10. Bxf6 Bxf6 11. Bb5 a6 12. Ba4 b5 13. Bb3 Be5 14. Qf3 Qd7 15. O-O-O Na5 16. Qd3 Rb8 17. f4 Bf6 18. Nxf6+ gxf6 19. Qxd4 Ke7 20. e5 Nxb3+ 21. axb3 f5 22. exd6+ cxd6 23. Rhe1+ Kf8 24. Qxh8# {[W: 0:10:13; B: 0:02:52]} 1-0

[Event "Junior Online 4NCL Division 1"]
[Site "online"]
[Date "2021.04.01"]
[EventDate "2021.04.01"]
[Round "6.41"]
[White "Mei, Jianzhou"]
[WhiteElo "1750"]
[WhiteTeam "Cambridge Chess & Go A"]
[Black "Dasgupta, Avyukt"]
[BlackElo "1699"]
[BlackTeam "Watford Juniors A"]
[Result "1-0"]
[PlyCount "137"]

1. e4 a6 2. d4 b5 3. c4 Bb7 4. d5 bxc4 5. Bxc4 e6 6. dxe6 dxe6 7. Qxd8+ Kxd8 8. Nc3 Bb4 9. f3 Nd7 10. Bd2 Ngf6 11. a3 Bc5 12. Nh3 h6 13. O-O-O Ke7 14. Kb1 Rhb8 15. Ka1 Nb6 16. Bb3 e5 17. Na4 Bd4 18. Bc3 Nxa4 19. Bxd4 exd4 20. Bxa4 c5 21. Nf4 Rd8 22. Rc1 Rac8 23. Nd3 Nd7 24. Bxd7 Rxd7 25. Nxc5 Rdc7 26. b4 a5 27. Kb2 axb4 28. axb4 Bc6 29. Rc4 Bd7 30. Rxd4 Be6 31. Rhd1 Rc6 32. Nxe6 Rxe6 33. Rc1 Rb8 34. Kc3 Rg6 35. g3 Ra6 36. Rb1 Rb5 37. f4 Ke6 38. Rb2 g6 39. Kc4 Rab6 40. Rd5 Rxd5 41. exd5+ Kd6 42. Ra2 Rb7 43. Ra6+ Kd7 44. Kc5 Rc7+ 45. Rc6 Ra7 46. d6 Rb7 47. Rc7+ Rxc7+ 48. dxc7 Kxc7 49. Kd5 g5 50. fxg5 hxg5 51. Ke5 Kc6 52. Kf6 Kb5 53. Kxg5 Kxb4 54. h4 Kc5 55. h5 Kc6 56. h6 Kd7 57. h7 Ke7 58. h8=Q Ke6 59. Qf6+ Kd7 60. Qxf7+ Kd6 61. Kh6 Ke5 62. g4 Ke4 63. g5 Ke3 64. g6 Kd4 65. g7 Kc5 66. g8=Q Kb4 67. Qc4+ Ka3 68. Qa8+ Kb2 69. Qaa2# {[W: 0:03:03; B: 0:02:45]} 1-0

[Event "Junior Online 4NCL Division 1"]
[Site "online"]
[Date "2021.04.01"]
[EventDate "2021.04.01"]
[Round "6.42"]
[White "Demjan, Denisz"]
[WhiteElo "1479"]
[WhiteTeam "Watford Juniors A"]
[Black "Linton, Alexander"]
[BlackElo "1654"]
[BlackTeam "Cambridge Chess & Go A"]
[Result "0-1"]
[PlyCount "99"]

1. e4 c5 2. Nc3 e6 3. Nf3 d5 4. exd5 exd5 5. d3 Nc6 6. Bd2 Nf6 7. Ne2 Be7 8. g3 Be6 9. Bg2 Qd7 10. O-O O-O 11. Re1 Rfe8 12. Nf4 Bg4 13. h3 Bxf3 14. Qxf3 Nd4 15. Qd1 Rad8 16. Bc3 Nc6 17. Bxf6 Bxf6 18. Rxe8+ Rxe8 19. Bxd5 Bxb2 20. Rb1 Be5 21. Bxc6 bxc6 22. Qg4 Qxg4 23. hxg4 Bxf4 24. gxf4 g6 25. Kf1 Re7 26. Rb8+ Kg7 27. Rc8 Re6 28. Rc7 Rf6 29. Rxa7 Rxf4 30. a4 Rxg4 31. a5 h5 32. a6 h4 33. Ra8 h3 34. a7 h2 35. Rg8+ Kxg8 36. a8=Q+ Kh7 37. Qxc6 Rg1+ 38. Ke2 h1=Q 39. Qxh1+ Rxh1 40. Ke3 Rh4 41. f4 Kg7 42. Ke4 Kf6 43. Kd5 Rxf4 44. Kxc5 g5 45. d4 g4 46. d5 g3 47. d6 g2 48. Kc6 g1=Q 49. d7 Rc4+ 50. Kb7 {[W: 0:02:54; B: 0:03:48]} 0-1

[Event "Junior Online 4NCL Division 1"]
[Site "online"]
[Date "2021.04.01"]
[EventDate "2021.04.01"]
[Round "6.43"]
[White "Xu, Albert"]
[WhiteElo "1580"]
[WhiteTeam "Cambridge Chess & Go A"]
[Black "Bajpayee, Yayin"]
[BlackElo "1426"]
[BlackTeam "Watford Juniors A"]
[Result "1/2-1/2"]
[PlyCount "56"]

1. Nf3 d5 2. g3 Nf6 3. Bg2 Bf5 4. O-O e6 5. d3 Bg6 6. Bd2 h6 7. e3 Bd6 8. Nc3 O-O 9. d4 c5 10. Nb5 Be7 11. Nc3 cxd4 12. exd4 Nc6 13. Re1 Bd6 14. Nb5 Be7 15. Nc3 a6 16. a3 Qc7 17. Bf4 Bd6 18. Bxd6 Qxd6 19. Nh4 Bh7 20. Qd2 Na5 21. b3 Rac8 22. Ra2 Qc7 23. Re3 Qd6 24. Na4 b6 25. Rc3 Ne4 26. Bxe4 Bxe4 27. Rxc8 Rxc8 28. f3 Bh7 {[W: 0:05:02; B: 0:05:19]} 1/2-1/2

[Event "Junior Online 4NCL Division 1"]
[Site "online"]
[Date "2021.04.01"]
[EventDate "2021.04.01"]
[Round "6.44"]
[White "George, Seb"]
[WhiteElo "1283"]
[WhiteTeam "Watford Juniors A"]
[Black "Kopanitsa, Anton"]
[BlackElo "1518"]
[BlackTeam "Cambridge Chess & Go A"]
[Result "1-0"]
[PlyCount "119"]

1. e4 e6 2. b3 d5 3. Bb2 c5 4. exd5 exd5 5. c4 d4 6. d3 Nc6 7. Nf3 Nf6 8. g3 Bd6 9. Bg2 O-O 10. O-O Bg4 11. Nbd2 b6 12. Re1 Re8 13. Qc2 Qd7 14. Ne4 Nxe4 15. dxe4 Re7 16. Ng5 g6 17. h3 Be6 18. Nxe6 Rxe6 19. f4 Rae8 20. e5 Be7 21. Bd5 Nb4 22. Bxe6 Qxe6 23. Qg2 Qf5 24. g4 Qxf4 25. Re4 Qg5 26. Bc1 Qh4 27. g5 Qh5 28. Qg4 Qxg4+ 29. Rxg4 Rd8 30. Bd2 Nc2 31. Rf1 Ne3 32. Bxe3 dxe3 33. Re1 Rd3 34. Re2 Kg7 35. h4 h6 36. Rg3 Rd1+ 37. Kg2 Rd3 38. Kh3 Bd8 39. gxh6+ Kxh6 40. Rgxe3 Rd4 41. Re4 Rd3+ 42. Kg4 Bxh4 43. Kxh4 Rf3 44. R2e3 Rf2 45. a4 Rh2+ 46. Kg3 Rh1 47. Rh4+ Rxh4 48. Kxh4 g5+ 49. Kg4 Kg6 50. Rf3 a6 51. Rf2 a5 52. Rf1 f5+ 53. exf6 Kf7 54. Kxg5 Kf8 55. f7 Ke7 56. f8=Q+ Ke6 57. Rf6+ Kd7 58. Qf7+ Kd8 59. Qg7 Ke8 60. Rf8# {[W: 0:01:09; B: 0:01:07]} 1-0

[Event "Junior Online 4NCL Division 1"]
[Site "online"]
[Date "2021.04.01"]
[EventDate "2021.04.01"]
[Round "6.45"]
[White "Dasgupta, Avyukt"]
[WhiteElo "1699"]
[WhiteTeam "Watford Juniors A"]
[Black "Mei, Jianzhou"]
[BlackElo "1750"]
[BlackTeam "Cambridge Chess & Go A"]
[Result "1/2-1/2"]
[PlyCount "129"]

1. d4 Nf6 2. Bf4 d5 3. e3 Bf5 4. Bd3 Bg6 5. Nf3 e6 6. Ne5 c5 7. c3 Qb6 8. Nxg6 hxg6 9. Qb3 Nbd7 10. Nd2 c4 11. Qxb6 Nxb6 12. Bc2 Nh5 13. Bc7 Nd7 14. O-O-O Rc8 15. Bg3 b5 16. e4 Be7 17. exd5 exd5 18. Rde1 Nxg3 19. hxg3 Rxh1 20. Rxh1 Nb6 21. Rh8+ Kd7 22. Rxc8 Nxc8 23. Nf3 Ke6 24. Kd2 b4 25. Ba4 g5 26. Ne5 Nb6 27. Bc2 a5 28. g4 g6 29. Nc6 bxc3+ 30. bxc3 a4 31. Nxe7 Kxe7 32. a3 Ke6 33. Ke3 f5 34. gxf5+ gxf5 35. f4 g4 36. Kf2 Kf6 37. Kg3 Nc8 38. Bxa4 Nd6 39. Bc2 Nb5 40. a4 Nxc3 41. a5 Ne2+ 42. Kf2 Nxd4 43. Ba4 Ne6 44. a6 Nc7 45. a7 Ke6 46. Bc6 Kd6 47. Bb7 Kc5 48. a8=Q Nxa8 49. Bxa8 c3 50. Ke2 Kd4 51. g3 Ke4 52. Bb7 Kd4 53. Ba6 c2 54. Kd2 Ke4 55. Bd3+ Kf3 56. Bxf5 Kxg3 57. Bxc2 Kxf4 58. Bd3 Kg3 59. Be2 Kf4 60. Kd3 g3 61. Bf1 Ke5 62. Bg2 d4 63. Be4 Kf4 64. Kxd4 g2 65. Bxg2 {[W: 0:06:57; B: 0:00:59]} 1/2-1/2

[Event "Junior Online 4NCL Division 1"]
[Site "online"]
[Date "2021.04.01"]
[EventDate "2021.04.01"]
[Round "6.46"]
[White "Linton, Alexander"]
[WhiteElo "1654"]
[WhiteTeam "Cambridge Chess & Go A"]
[Black "Demjan, Denisz"]
[BlackElo "1479"]
[BlackTeam "Watford Juniors A"]
[Result "1-0"]
[PlyCount "63"]

1. e4 e5 2. Nf3 Nc6 3. c3 Nf6 4. d4 exd4 5. e5 Nd5 6. cxd4 Bb4+ 7. Bd2 Bxd2+ 8. Nbxd2 Nde7 9. Bc4 O-O 10. O-O d6 11. Ne4 d5 12. Nf6+ gxf6 13. Bd3 fxe5 14. Ng5 Ng6 15. Qh5 Kg7 16. Qxh7+ Kf6 17. Nxf7 Rxf7 18. Qxg6+ Ke7 19. dxe5 Be6 20. f4 Qg8 21. Rae1 Nb4 22. Bb1 Kd7 23. Qxg8 Rxg8 24. f5 d4 25. fxe6+ Kxe6 26. a3 Nd5 27. Ba2 d3 28. Rxf7 d2 29. Rd1 Kxe5 30. Bxd5 Kxd5 31. Rxd2+ Kc6 32. Rdd7 {[W: 0:03:04; B: 0:04:06]} 1-0

[Event "Junior Online 4NCL Division 1"]
[Site "online"]
[Date "2021.04.01"]
[EventDate "2021.04.01"]
[Round "6.47"]
[White "Bajpayee, Yayin"]
[WhiteElo "1426"]
[WhiteTeam "Watford Juniors A"]
[Black "Xu, Albert"]
[BlackElo "1580"]
[BlackTeam "Cambridge Chess & Go A"]
[Result "1-0"]
[PlyCount "95"]

1. d4 d5 2. Nf3 Nc6 3. Bf4 Bf5 4. e3 Nb4 5. Bd3 Nxd3+ 6. cxd3 Nf6 7. O-O e6 8. h3 h6 9. Re1 Be7 10. Qb3 b6 11. Nbd2 O-O 12. Ne5 Nh5 13. Nc6 Qd7 14. Nxe7+ Qxe7 15. Bh2 Nf6 16. e4 Bg6 17. Rac1 Rac8 18. exd5 Qd7 19. dxe6 fxe6 20. Nf3 Rfe8 21. Be5 Nd5 22. a3 a5 23. Qc2 b5 24. Qd2 a4 25. Bg3 Qe7 26. Bh4 Qf8 27. Ne5 Bf5 28. Nd7 Qd6 29. Ne5 Rf8 30. Rc6 g5 31. Rxd6 cxd6 32. Bxg5 dxe5 33. Bxh6 Rf6 34. dxe5 Rg6 35. Kh1 Kh7 36. Be3 Nxe3 37. Qxe3 Rh6 38. Kh2 Rg8 39. g3 Rxh3+ 40. Kg2 Rg6 41. Rc1 Rgh6 42. Rc7+ Kg6 43. Kf3 Kh5 44. Ke2 Bg4+ 45. Kd2 Kg6 46. Qf4 Bf5 47. g4 Bxd3 48. Qf6# {[W: 0:00:56; B: 0:01:00]} 1-0

[Event "Junior Online 4NCL Division 1"]
[Site "online"]
[Date "2021.04.01"]
[EventDate "2021.04.01"]
[Round "6.48"]
[White "Kopanitsa, Anton"]
[WhiteElo "1518"]
[WhiteTeam "Cambridge Chess & Go A"]
[Black "George, Seb"]
[BlackElo "1283"]
[BlackTeam "Watford Juniors A"]
[Result "1-0"]
[PlyCount "32"]

1. b4 e5 2. Bb2 Bxb4 3. Bxe5 f6 4. Bb2 d5 5. Nf3 c5 6. e3 a6 7. a4 Nc6 8. c4 d4 9. Be2 d3 10. Bf1 Nge7 11. Qb3 a5 12. Bxd3 b6 13. O-O Bg4 14. Be2 Bxf3 15. Bxf3 Bxd2 16. Rd1 Nf5 {[W: 0:09:24; B: 0:06:17]} 1-0

[Event "Junior Online 4NCL Division 1"]
[Site "online"]
[Date "2021.04.01"]
[EventDate "2021.04.01"]
[Round "6.51"]
[White "Kerbel, Sasha"]
[WhiteElo "1783"]
[WhiteTeam "Leicestershire Juniors 1"]
[Black "Cont, Arya"]
[BlackElo "2189"]
[BlackTeam "Ojays A"]
[Result "0-1"]
[PlyCount "125"]

1. e4 e5 2. Nf3 Nc6 3. Bc4 Bc5 4. O-O Nf6 5. d3 O-O 6. Bg5 h6 7. Bh4 Be7 8. c3 d6 9. h3 Be6 10. Bb3 Nd7 11. Bxe7 Qxe7 12. d4 Bxb3 13. Qxb3 exd4 14. cxd4 Qxe4 15. Nc3 Qd3 16. Rad1 Qa6 17. Nd5 Rac8 18. Rfe1 Nb6 19. Ne7+ Nxe7 20. Rxe7 Qa4 21. Qxa4 Nxa4 22. b3 Nc3 23. Rc1 Nd5 24. Re2 Rfe8 25. Rce1 Kf8 26. Kf1 Rxe2 27. Rxe2 Re8 28. a3 Rxe2 29. Kxe2 Nf4+ 30. Kf1 Ke7 31. h4 Ke6 32. g3 Ng6 33. Ke2 Kd5 34. Kd3 Ne7 35. Nd2 Nf5 36. Nf3 f6 37. g4 Ne7 38. h5 c5 39. dxc5 dxc5 40. Nd2 Nc6 41. f4 Nd4 42. b4 f5 43. gxf5 Nxf5 44. bxc5 Ng3 45. Nc4 Nxh5 46. Nd6 Nxf4+ 47. Ke3 Ne6 48. Nxb7 Nxc5 49. Nd8 Kc4 50. Nc6 a6 51. Kf4 Kb3 52. Kf5 Kxa3 53. Kg6 Ka4 54. Kxg7 h5 55. Nd4 Kb4 56. Kg6 a5 57. Kxh5 a4 58. Kg4 Kc4 59. Ne2 Nd3 60. Kf3 a3 61. Nc1 Nxc1 62. Ke3 a2 63. Kd2 {[W: 0:04:52; B: 0:05:15]} 0-1

[Event "Junior Online 4NCL Division 1"]
[Site "online"]
[Date "2021.04.01"]
[EventDate "2021.04.01"]
[Round "6.52"]
[White "Sieczkowski, Adam"]
[WhiteElo "1841"]
[WhiteTeam "Ojays A"]
[Black "Lv, Jason"]
[BlackElo "1855"]
[BlackTeam "Leicestershire Juniors 1"]
[Result "0-1"]
[PlyCount "85"]

1. d4 d5 2. Nf3 Nf6 3. c4 e6 4. Nc3 Be7 5. Bf4 O-O 6. e3 b6 7. Be2 Bb7 8. cxd5 Nxd5 9. Nxd5 Bxd5 10. Rc1 c5 11. dxc5 Bxc5 12. a3 Bd6 13. Bxd6 Qxd6 14. e4 Nd7 15. exd5 exd5 16. O-O Nc5 17. b4 Ne6 18. Qd2 Rfe8 19. Rfd1 Rad8 20. Bb5 Re7 21. Nd4 Rc7 22. Rxc7 Nxc7 23. Bd3 h6 24. Nb5 Nxb5 25. Bxb5 d4 26. Bd3 Kf8 27. h3 Qd5 28. b5 Kg8 29. Qf4 Qb3 30. Qe4 Qxd1+ 31. Kh2 g6 32. Qe7 Rf8 33. Qe4 Qb3 34. Qxd4 Qxa3 35. Bc4 Qc5 36. Qg4 Kh7 37. h4 Qc7+ 38. g3 Qc5 39. Bd3 Qd6 40. Qf3 Kg7 41. h5 Rd8 42. Bc4 Qf6 43. Qxf6+ {[W: 0:00:13; B: 0:00:21]} 0-1

[Event "Junior Online 4NCL Division 1"]
[Site "online"]
[Date "2021.04.01"]
[EventDate "2021.04.01"]
[Round "6.53"]
[White "Tang, Joshua"]
[WhiteElo "1414"]
[WhiteTeam "Leicestershire Juniors 1"]
[Black "Hobson, Kenneth"]
[BlackElo "1857"]
[BlackTeam "Ojays A"]
[Result "0-1"]
[PlyCount "32"]

1. e4 e5 2. Nf3 Nc6 3. Bc4 Nf6 4. Nc3 Nxe4 5. Nxe4 d5 6. Bxd5 Qxd5 7. Nc3 Qd8 8. O-O Bd6 9. d4 exd4 10. Bg5 f6 11. Bxf6 Qxf6 12. Nd5 Qf5 13. Re1+ Be6 14. Nxd4 Nxd4 15. Qxd4 O-O 16. Nc3 Bc5 {[W: 0:06:28; B: 0:07:53]} 0-1